Najkvalitnejšie riešenia logistiky potrebujú "dozrieť"

Kľúčová úloha logistiky pri rozhodovaní o umiestnení investícií a nastavení strategických procesov firmy. Systematická optimalizácia logistiky a logistický dodávatelia. Moderné logistické riešenia.

Guardado en:
Detalles Bibliográficos
Autor principal: Džundová, Mária
Formato: Capítulo de libro
Lenguaje:eslovaco
Materias:
Etiquetas: Agregar Etiqueta
Sin Etiquetas, Sea el primero en etiquetar este registro!

MARC

LEADER 00000naa a2200000 4500
001 0192913
005 20220725111506.7
041 0 |a slo 
044 |a SK 
245 1 0 |a Najkvalitnejšie riešenia logistiky potrebujú "dozrieť"  |c Mária Džundová 
520 |a Kľúčová úloha logistiky pri rozhodovaní o umiestnení investícií a nastavení strategických procesov firmy. Systematická optimalizácia logistiky a logistický dodávatelia. Moderné logistické riešenia. 
610 2 0 |a logistika 
610 2 0 |a stratégia distribučná 
610 2 0 |a cesty odbytové 
610 2 0 |a centrá logistické 
610 2 0 |a logistika distribučná 
610 2 0 |a organizácie dodávateľské 
100 1 |a Džundová, Mária